[Event "TP 40 Züge 2 Stunden"]
[Site "?"]
[Date "2009.??.??"]
[Round "?"]
[White "Milano Pro, Mephisto"]
[Black "Risc 2500 2MB aktiv, Saitek"]
[Result "1/2-1/2"]
[WhiteElo "2153"]
[BlackElo "2254"]
[Annotator "Thomas Jaeger"]
[PlyCount "55"]
[EventDate "2009.??.??"]
[TimeControl "60+1"]

1. c4 e5 2. Nc3 Nf6 3. Nf3 Nc6 4. d4 e4 5. Nd2 Bb4 6. e3 O-O 7. Be2 Re8 8. O-O
Bxc3 9. bxc3 d6 10. f3 exf3 11. Bxf3 Rxe3 12. Nb3 {letzter Buchzug - Milano
pro spielt ein Gambit und muss beweisen, dass er für die 2 Bauern Kompensation
hat} Rxc3 {letzter Buchzug} 13. Be2 (13. Bg5 Rxc4 14. Bd5 Rb4 15. Bxf6 gxf6 16.
Qh5 Be6 17. Be4 f5 18. Bxf5 Bxf5 19. Rxf5 {so, oder ähnlich wäre es gut}) 13...
d5 14. cxd5 Nxd5 15. Bh5 g6 16. Bf3 {Risc steht jetzt klar besser} Bf5 17. Nc5
b6 18. Ne4 Bxe4 19. Bxe4 f5 20. Bf3 Qd6 21. Re1 Ndb4 22. Bb2 {Mil pro erhält
jetzt Chancen} Rd3 23. Qc1 b5 24. Qh6 Nc2 {?} (24... Rd8 25. d5 Nd4 26. Bxd4
Rxd4 27. Re6 Qf8 28. Qxf8+ Kxf8) 25. Bxc6 Qxc6 26. Re7 {!} Qf6 27. Qxh7+ Kf8
28. Rc1 1/2-1/2

[Event "TP 40 Züge 2 Stunden"]
[Site "?"]
[Date "2009.??.??"]
[Round "?"]
[White "Risc 2500 2MB aktiv, Saitek"]
[Black "Milano Pro, Mephisto"]
[Result "1/2-1/2"]
[WhiteElo "2254"]
[BlackElo "2153"]
[Annotator "Thomas Jaeger"]
[PlyCount "48"]
[EventDate "2009.??.??"]

1. c4 e5 2. Nc3 Nf6 3. Nf3 Nc6 4. d4 exd4 5. Nxd4 Bb4 {letzter Buchzug} 6. g3
Ne5 7. Qb3 {letzter Buchzug} Qe7 8. Bg2 Nd3+ 9. Kf1 Nxc1 10. Rxc1 O-O 11. Ncb5
Ne8 12. Nf5 Qc5 13. Rd1 Qxf5 14. Qxb4 d6 15. Nd4 Qe5 16. Qb3 Nf6 17. h3 c6 18.
e3 Re8 19. Kg1 {[%emt 0:00:50] Risc hat bis hier nur 15 min verbraucht Mp fast}
Ne4 20. Rh2 a5 21. Qc2 Bd7 22. Qb3 Bc8 23. Qc2 Bd7 24. Qb3 Bc8 1/2-1/2

[Event "TP 40 Züge 2 Stunden"]
[Site "?"]
[Date "2009.??.??"]
[Round "?"]
[White "Milano Pro, Mephisto"]
[Black "Lyon 68020, Mephisto"]
[Result "1-0"]
[WhiteElo "2153"]
[BlackElo "2169"]
[Annotator "Thomas Jaeger"]
[PlyCount "78"]
[EventDate "2009.??.??"]

1. c4 e5 2. Nc3 Nf6 3. Nf3 Nc6 4. d4 e4 5. Nd2 Bb4 6. e3 O-O 7. Be2 Re8 8. O-O
Bxc3 9. bxc3 d6 10. f3 exf3 {letzter Buchzug - wieder spielt Milano pro
Englisch und wir haben die gleich Eröffnung wie gegen den Risc 2500} 11. Bxf3
Rxe3 12. Nb3 {letzter Buchzug} Rxc3 13. Be2 Qe8 {Risc spielt wohl etwas besser
d5} 14. Bd2 Rxb3 15. axb3 Nxd4 16. Bf3 Nxf3+ 17. Qxf3 Qe4 {?!} 18. Qg3 Ng4 19.
Rae1 Qd4+ 20. Kh1 Kf8 {? das sollte sofort verlieren nach Lc3} 21. Qh4 {nicht
schlecht} (21. Bc3 Nf2+ 22. Rxf2 Qg4 23. Bxg7+ Kxg7 24. Qc3+ Kh6 25. Rf6+ Kh5
26. h3) 21... f6 22. Qxh7 Bd7 23. Qh8+ Kf7 24. Qxa8 Nf2+ 25. Rxf2 Qxf2 26. Qxb7
{!} Qxd2 27. Qd5+ Qxd5 28. cxd5 c6 29. dxc6 Bxc6 30. Ra1 Ke6 31. b4 g5 32. Kg1
Bb5 33. Rxa7 d5 34. Kf2 Ke5 35. g3 Bc4 36. h4 gxh4 37. gxh4 Kf4 38. Rg7 d4 39.
Rd7 Be6 {Milano pro gewann leicht} 1-0

[Event "TP 40 Züge 2 Stunden"]
[Site "?"]
[Date "2009.??.??"]
[Round "?"]
[White "Lyon 68020, Mephisto"]
[Black "Milano Pro, Mephisto"]
[Result "0-1"]
[WhiteElo "2169"]
[BlackElo "2153"]
[Annotator "Thomas Jaeger"]
[PlyCount "78"]
[EventDate "2009.??.??"]

1. Nf3 d5 2. g3 c5 3. Bg2 Nc6 4. O-O Nf6 5. d4 e6 {letzter Buchzug} 6. c4 dxc4
7. Ne5 Bd7 8. Nxc6 Bxc6 9. Bxc6+ bxc6 10. Qa4 {letzter Buchzug} Qb6 11. dxc5
Bxc5 12. Nc3 Rd8 13. Bg5 O-O 14. Bxf6 gxf6 15. Rab1 f5 16. e3 Rd2 17. Qxc4 {
die Stellung ist gleich} Qb4 18. Qxb4 Bxb4 19. Na4 Rfd8 20. Rfc1 R8d6 21. Rc4
Ba5 22. Rbc1 Kf8 {[%eval -32767,0] pro bewertet 0,00} 23. Rxc6 Rd7 24. R1c2
R7d6 25. Kg2 Ke7 26. Rxd6 {? a3} Rxc2 27. Ra6 {? noch ein Fehler} Be1 28. Rxa7+
Kf6 29. Rd7 Bxf2 30. h3 Be1+ 31. Kf1 Bxg3 32. Rd3 h5 33. a3 Kg5 34. b4 Kh4 35.
Nc3 Kxh3 36. e4 f4 37. a4 Kg4 38. b5 f3 39. Nd1 Re2 0-1

[Event "TP 40 Züge 2 Stunden"]
[Site "?"]
[Date "2009.??.??"]
[Round "?"]
[White "Milano Pro, Mephisto"]
[Black "Genius 68030, Mephisto"]
[Result "0-1"]
[WhiteElo "2153"]
[BlackElo "2276"]
[Annotator "Thomas Jaeger"]
[PlyCount "112"]
[EventDate "2009.??.??"]

1. e4 c6 2. c4 d5 3. exd5 cxd5 4. d4 Nf6 5. Nc3 e6 6. Nf3 Bb4 7. cxd5 Nxd5 8.
Bd2 {letzter Buchzug} O-O 9. Bd3 Nc6 10. O-O Be7 {letzter Buchzug} 11. Qb1 g6
12. Rd1 Bf6 13. Bh6 Re8 14. Be4 b6 15. Qc1 Ncb4 16. Bg5 Bb7 17. Bxf6 Qxf6 18.
Re1 Rac8 19. Qd2 Bc6 20. Rac1 Red8 21. a3 Nxc3 22. bxc3 Nd5 23. Ne5 Be8 24. c4
Ne7 25. Rcd1 Nc6 26. Bxc6 Bxc6 27. Ng4 Qg7 28. Qb4 Rd7 29. Ne5 Rdc7 30. d5 Ba8
31. d6 Rc5 32. d7 Rd8 33. Nd3 {? Mil pro sieht sich hinten!?} Rg5 34. Nf4 Qf8
35. Rd6 Rf5 36. Nh3 {?} Rc5 37. Rd4 Bc6 38. Red1 Qe7 39. Nf4 e5 40. Nd5 Qe6 {
jetzt 60 min für den Rest} 41. Nc7 Qf5 42. R4d2 Rxd7 43. Rxd7 Bxd7 44. Na6 Rc8
45. h3 Bc6 46. Re1 Qg5 47. g4 Bb7 48. Qa4 Qd2 49. Rd1 Qc3 50. Nb4 Qf3 51. Rd5
Kg7 52. Qd1 Qxh3 53. Qe2 Kg8 54. Qxe5 Qxg4+ 55. Qg3 Qxg3+ 56. fxg3 Bxd5 0-1

[Event "TP 40 Züge 2 Stunden"]
[Site "?"]
[Date "2009.??.??"]
[Round "?"]
[White "Genius 68030, Mephisto"]
[Black "R30 V2.2 aktiv, TASC."]
[Result "0-1"]
[WhiteElo "2276"]
[BlackElo "2347"]
[Annotator "Thomas Jaeger"]
[PlyCount "114"]
[EventDate "2009.??.??"]

1. e4 c5 2. Nf3 Nc6 3. d4 cxd4 4. Nxd4 Nf6 5. Nc3 g6 6. Nxc6 bxc6 7. e5 Ng8 8.
Bc4 Bg7 {letzter Buchzug} 9. Qf3 f5 {R30 sieht sich 1,25 hinten Fritz 11
bewertet ähnlich} 10. Bf4 {letzter Buchzug} Qa5 11. Qe3 g5 12. Bxg5 Qxe5 13.
O-O-O Qxe3+ 14. Bxe3 {Genius sieht sich zwar 0,69 vorne, doch dürfte die
Stellung jetzt eher gleich sein} d5 15. Bb3 e5 16. Nxd5 {!? wohl richtig} cxd5
17. Bxd5 Rb8 18. Bxa7 {Genius + 1,30 - die schwarze Stellung ist (noch) nicht
entwickelt und der Turm muss auf Reise gehen. R30 - 0,25 Interessante Partie}
Rb4 19. Bc5 Rb8 {? Th4 und dann Th6 ist wohl richtig} 20. Bd6 {Genius +2,03}
Rb6 21. Bxe5 Bxe5 22. Rhe1 Ne7 23. Rxe5 Bb7 24. Bb3 Bc8 25. g3 Rf8 26. f4 Rff6
27. a4 Rfd6 28. Rde1 Rb7 29. Rc5 Kd8 30. a5 Ra7 31. Bf7 Bb7 32. Re6 Rxe6 33.
Bxe6 Be4 34. c3 Ra6 35. Re5 Ng6 {Genius spielte die letzten Züge nicht gut.
Hier gleicht der Tasc aus. Es bleibt aber spannend - Turm gegen 5 Bauern} 36.
Bxf5 Nxe5 37. Bxe4 {Genius +1,24} Ng4 38. b4 Nxh2 39. Bxh7 Re6 40. Kb2 Re7 {
Rest in 60 min} 41. Bc2 Kc7 42. b5 Nf1 43. g4 Ne3 44. g5 Nxc2 {!?} (44... Nc4+
45. Kb3 Nxa5+ 46. Kb4 Nb7 47. g6) 45. Kxc2 Rf7 46. c4 Rxf4 47. Kc3 Rg4 48. c5
Rxg5 49. Kc4 Kb7 50. Kb4 Rg4+ 51. Kc3 Ra4 52. a6+ Ka7 {jetzt sieht der Genius,
dass er schlechter steht} 53. Kb3 Ra1 54. Kc3 Rb1 55. Kc4 Rb2 56. b6+ Kxa6 57.
Kc3 Rh2 0-1

[Event "TP 40 Züge 2 Stunden"]
[Site "?"]
[Date "2009.??.??"]
[Round "?"]
[White "R30 V2.2 aktiv, TASC."]
[Black "Genius 68030, Mephisto"]
[Result "1/2-1/2"]
[WhiteElo "2347"]
[BlackElo "2276"]
[Annotator "Thomas Jaeger"]
[PlyCount "150"]
[EventDate "2009.??.??"]

1. e4 e5 2. Nf3 Nc6 3. d4 exd4 4. Nxd4 Bc5 5. Nb3 Bb6 6. a4 a6 7. Nc3 d6 {
letzter Buchzug} 8. Qe2 {selten! Letzter Buchzug} Nge7 9. Be3 Bxe3 10. Qxe3 Be6
11. Be2 O-O 12. O-O Re8 13. f4 Bxb3 14. cxb3 d5 15. Rad1 d4 16. Qf3 Qd6 17. Bc4
Qb4 18. Nd5 Nxd5 19. Bxd5 Ne7 20. Bc4 b5 21. Be2 bxa4 22. Bc4 c5 23. Qh5 {!
stark} Rf8 {! g6 verliert wohl auch Sg6 ist nicht gut. Es folgt Lxf7} (23... g6
24. Qh6 axb3 {? Kh8 müsste geschehen} 25. f5) 24. Rd3 axb3 25. Rh3 h6 26. Qe2
Qa4 27. f5 d3 28. Qxd3 Rad8 29. Qc3 Qb4 30. f6 Qxc3 31. Rxc3 gxf6 32. Rg3+ Kh8
33. Rxf6 Rd1+ 34. Kf2 Ng8 35. Rxf7 Rxf7+ 36. Bxf7 Nf6 37. e5 Ne4+ 38. Ke2 Rd7
39. Rg8+ Kh7 40. e6 Rc7 {Rest in 60 min} 41. Rd8 Nf6 42. Kd3 c4+ 43. Kd2 c3+
44. bxc3 Rb7 45. Kc1 b2+ 46. Kb1 Ne4 47. Rd3 Kg7 48. Bh5 Nc5 49. Re3 Kf6 50.
Bf3 Rb8 51. e7 Re8 52. Kxb2 Rxe7 53. Rxe7 Kxe7 54. h4 Kd6 55. g4 Ke5 56. Ka3 a5
57. Be2 Kf4 58. c4 Ne4 59. h5 Nc5 60. Bd1 Ne4 61. Kb3 Kg5 62. Kb2 Nf2 63. Be2
Ne4 64. Bd3 Nc5 65. Bf5 Kf6 66. Kc3 Ke5 67. Bc2 Ne6 68. Bb1 Kf4 69. Bf5 Nc5 70.
Bc2 Kxg4 71. Kd4 Na6 72. Bd1+ Kg5 73. Kd5 a4 74. Bxa4 Kxh5 75. Kd6 Kg5 1/2-1/2

[Event "TP 40 Züge 2 Stunden"]
[Site "?"]
[Date "2009.??.??"]
[Round "?"]
[White "Super Expert C, Novag"]
[Black "R30 V2.2 aktiv, TASC."]
[Result "0-1"]
[WhiteElo "2002"]
[BlackElo "2347"]
[Annotator "Thomas Jaeger"]
[PlyCount "42"]
[EventDate "2009.??.??"]

1. c4 c6 2. e4 d5 3. exd5 cxd5 4. d4 Nf6 5. Nc3 g6 6. Qb3 Bg7 7. cxd5 O-O 8.
Be2 Nbd7 9. Bf3 Nb6 10. Nge2 Bf5 11. Nf4 g5 12. Nfe2 g4 13. Ng3 Bg6 14. Be2
Nfxd5 15. Bxg4 e6 16. Nxd5 Qxd5 17. Bf3 Qxd4 18. Bxb7 {? SEC sieht sich vorne
- kommt aber hierdurch in Nachteil} Rab8 {+1,42} 19. Bc6 Nc4 20. Be3 Nxe3 21.
fxe3 {ist noch schlechter als De3 - beides verliert} (21. Qxe3 Qb4+ 22. Qd2)
21... Qc5 {Tasc +6,36} 0-1

[Event "TP 40 Züge 2 Stunden"]
[Site "?"]
[Date "2009.??.??"]
[Round "?"]
[White "R30 V2.2 aktiv, TASC."]
[Black "Super Expert C, Novag"]
[Result "1-0"]
[WhiteElo "2347"]
[BlackElo "2002"]
[Annotator "Thomas Jaeger"]
[PlyCount "75"]
[EventDate "2009.??.??"]

1. Nf3 {[%emt 0:00:00]} Nf6 {[%eval 0,0] [%emt 0:00:00]} 2. c4 b6 3. g3 Bb7 {
letzter Buchzug} 4. d4 e6 5. Bg2 c5 6. dxc5 {d5 ist interessanter} Bxc5 7. Nc3
O-O 8. Bg5 h6 9. Bxf6 Qxf6 10. O-O d6 11. a3 Nc6 12. Rc1 a5 13. e3 Rfc8 14. Nd2
Qe7 15. Qe2 Rab8 16. Rfe1 Ba6 17. Na4 d5 18. Qh5 d4 19. Nxc5 bxc5 20. b3 a4 21.
bxa4 Rb2 22. Qd1 Na5 23. Rc2 Rcb8 24. Qc1 dxe3 25. fxe3 R2b6 26. Qa1 Qd7 27.
Qc3 Qxa4 28. Rcc1 Rb2 29. Be4 Ra2 30. Qd3 Qxa3 31. Qd6 Re8 32. Rb1 Qc3 {? aber
das konnte der SEC nicht sehen} 33. Rb8 Bc8 34. Qe7 {R30 + 6,00} Rf8 35. Rf1 g6
36. Bxg6 Qxe3+ 37. Kh1 {gibt matt in 11 - geht aber wohl schneller} Bb7+ 38.
Rxb7 1-0

[Event "TP 40 Züge 2 Stunden"]
[Site "?"]
[Date "2009.??.??"]
[Round "?"]
[White "Atlanta, Mephisto"]
[Black "R30 V2.2 aktiv, TASC."]
[Result "0-1"]
[WhiteElo "2195"]
[BlackElo "2347"]
[Annotator "Thomas Jaeger"]
[PlyCount "72"]
[EventDate "2009.??.??"]

1. d4 c6 2. e4 d5 3. exd5 cxd5 4. c4 Nf6 5. Nc3 g6 6. Qb3 Bg7 7. cxd5 O-O 8. g3
Nbd7 9. Bg2 Nb6 10. Nge2 Bf5 11. O-O Qd7 12. a4 {letzter Buchzug} Bh3 13. Bxh3
Qxh3 {letzter Buchzug} 14. Nf4 Qd7 {R30 -057} 15. a5 Nc8 16. Nd3 Qh3 17. f3 Nd6
18. Bf4 Rfc8 19. Bxd6 exd6 20. Qxb7 {jetzt erhält R30 Chancen} Qf5 21. Rad1
Rab8 22. Qxa7 Nxd5 23. Nxd5 Qxd5 24. Nf4 Qb5 25. Qe7 Qxa5 26. Qxd6 Rxb2 27. Nd3
Ra2 28. Nb4 Re2 29. Nc6 {das verliert der R30 sieht das schnell} Qa2 {[%emt 0:
00:05] R30 + ca.} 30. Ne7+ Kh8 31. g4 Be5 32. Qxe5+ Rxe5 33. dxe5 Rc2 34. Rd8+
Kg7 35. Rg8+ Kh6 36. Nf5+ gxf5 0-1

[Event "TP 40 Züge 2 Stunden"]
[Site "?"]
[Date "2009.??.??"]
[Round "?"]
[White "Genius 68030, Mephisto"]
[Black "Milano Pro, Mephisto"]
[Result "1-0"]
[WhiteElo "2276"]
[BlackElo "2153"]
[Annotator "Thomas Jaeger"]
[PlyCount "97"]
[EventDate "2009.??.??"]

1. e4 c6 2. Nf3 d5 3. Nc3 Bg4 4. h3 Bxf3 5. Qxf3 e6 {letzter Buchzug} 6. d3 {
letzter Buchzug} Bb4 7. Qg3 Nf6 8. e5 Nh5 9. Qg4 d4 10. a3 Bxc3+ 11. bxc3 Qa5
12. Rb1 Qxe5+ 13. Be2 Nf6 14. Qxd4 Qxd4 15. cxd4 b6 16. O-O Ke7 17. Bf3 Rd8 18.
c3 Nd5 19. Bg5+ f6 20. Bd2 h6 21. Rfe1 g5 22. a4 Kd7 23. c4 Nc7 24. a5 bxa5 25.
Bxa5 Nba6 26. Rb7 Rdb8 27. Reb1 Rxb7 28. Rxb7 Rb8 29. Rxa7 Rb3 30. g4 f5 31. d5
exd5 32. cxd5 cxd5 33. gxf5 Rb5 34. Bc3 Kc6 35. f6 Nc5 36. f7 N7e6 37. Ra8 Rb1+
38. Kh2 Rb7 39. Bh5 Nxd3 40. Re8 Ndc5 {Rest in 60 min} 41. Be5 Rd7 42. Kg2 Kb5
43. Rb8+ Rb7 44. Rxb7+ Nxb7 45. Bg7 Nd6 46. Bxh6 d4 47. f8=Q Nxf8 48. Bxf8 Kc6
49. Kf3 1-0

[Event "TP 40 Züge 2 Stunden"]
[Site "?"]
[Date "2009.??.??"]
[Round "?"]
[White "R30 V2.2 aktiv, TASC."]
[Black "Atlanta, Mephisto"]
[Result "1/2-1/2"]
[WhiteElo "2347"]
[BlackElo "2195"]
[Annotator "Thomas Jaeger"]
[PlyCount "106"]
[EventDate "2009.??.??"]

1. d4 d5 2. Nf3 e6 3. c4 Nf6 4. Bg5 Be7 5. Nc3 O-O 6. e3 h6 7. Bh4 b6 {letzter
Buchzug} 8. Be2 Bb7 9. Bxf6 Bxf6 10. cxd5 exd5 11. b4 {letzter Buchzug} a5 12.
b5 Re8 13. Rc1 c5 14. bxc6 Nxc6 15. Qb3 Ne7 16. O-O Bc8 17. Bb5 Rf8 18. e4 dxe4
19. Nxe4 Nf5 20. Bc6 Rb8 21. Rfd1 Nd6 22. Nxf6+ Qxf6 23. Ne5 Be6 24. Qe3 Rfd8
25. d5 Bf5 26. g4 Bc8 27. Re1 Qe7 {?!} 28. Qg3 Qf8 29. Ba4 {R30 + 1,72 Atlanta
sieht sich nur knapp hinten} Rb7 30. Nc6 Rdd7 31. Bc2 Kh8 32. Bd3 b5 33. g5 a4
34. Qf3 Rbc7 35. Kh1 Kg8 36. gxh6 f5 37. h7+ Kh8 38. Ne5 Qe8 39. Nxd7 Rxc1 40.
Rxc1 Qxd7 {Rest in 60 min} 41. Rc5 Kxh7 42. Kg1 b4 43. Qf4 b3 44. Rxc8 {?!
sieht nicht so gut aus} Qxc8 45. axb3 (45. Qxd6 bxa2 (45... Qc1+ 46. Kg2 Qg5+
47. Kf3 Qg4+ 48. Ke3 bxa2 49. Qa3 Qg5+ {und wohl remis!}) 46. Qa3 {war geplant}
) 45... Qc5 46. Bxf5+ g6 47. Qh4+ Kg7 48. Qe7+ Kh6 49. Be6 {?!} Qc1+ {!} 50.
Kg2 Qf4 51. bxa4 Qe4+ 52. Kf1 Qb1+ 53. Ke2 Qe4+ {beide sehen das remis} 1/2-1/2

[Event "TP 40 Züge 2 Stunden"]
[Site "?"]
[Date "2009.??.??"]
[Round "?"]
[White "Star Diamond, Novag"]
[Black "R30 V2.2 aktiv, TASC."]
[Result "0-1"]
[WhiteElo "2161"]
[BlackElo "2347"]
[Annotator "Thomas Jaeger"]
[PlyCount "122"]
[EventDate "2009.??.??"]

1. d4 Nf6 2. c4 e5 3. dxe5 Ng4 4. Bf4 Nc6 5. Nf3 Bb4+ 6. Nc3 Bxc3+ 7. bxc3 Qe7
8. Qd5 f6 9. exf6 Nxf6 10. Qd3 d6 11. g3 Ne4 12. Bg2 Nc5 13. Qe3 {letzter
Buchzug} Ne6 14. Bg5 Nxg5 15. Qxe7+ Nxe7 16. Nxg5 {Beide sehen Weiß minimal
besser} O-O 17. h4 Rb8 18. O-O-O h6 19. Nf3 Be6 20. Rd4 Rbe8 21. Rhd1 a6 22.
R1d2 Rf6 23. Rb2 b6 24. g4 Nc6 25. Re4 Rf7 26. g5 Rff8 27. Rd2 h5 28. Rd1 g6
29. Ng1 Ne5 30. f4 Ng4 31. Rdd4 Kg7 32. Nh3 b5 33. cxb5 axb5 34. Bf3 d5 35.
Rxe6 Rxe6 36. Rxd5 c6 37. Rc5 (37. Rd7+ Rf7 38. Rxf7+ Kxf7 39. f5 gxf5 40. Nf4
Rd6 41. Nxh5) 37... Rd6 38. Rxc6 Rxc6 39. Bxc6 Rc8 40. Bf3 Rxc3+ {Rest in 60
min} 41. Kb2 b4 42. f5 Ne3 43. f6+ Kf7 44. Ng1 Kf8 45. Ba8 Nd1+ {Sc4 ist besser
} 46. Kb1 Ra3 47. Bc6 Nc3+ 48. Kc2 Ra6 49. Bf3 Rxa2+ {R30 +1,23 tatsächlich
ist die Stellung fast gleich, aber kompliziert} 50. Kb3 Ra1 51. Kxb4 {?!} (51.
Nh3 Nxe2 52. Kxb4 Nd4 53. Be4 Nf5 54. Bxf5 gxf5 55. Kc5 Ra4 56. g6 Ra6 57. Ng5
Rxf6 58. Nh7+ Kg7 59. Nxf6 Kxf6 60. Kd4 Kxg6 61. Ke5 {und remis!!}) 51... Na2+
52. Kb3 Rxg1 53. Kxa2 Rg4 {das hat SD bei Kb4 wohl nicht gesehen R 30 + 2,34
SD -0,65} 54. Kb3 Rxh4 55. Kc3 Ra4 56. Bc6 Ra1 {! das gewinnt schnell} 57. Kd4
h4 58. e4 h3 59. Ke3 h2 60. e5 h1=Q 61. Bxh1 Rxh1 0-1

[Event "TP 40 Züge 2 Stunden"]
[Site "?"]
[Date "2009.??.??"]
[Round "?"]
[White "R30 V2.2 aktiv, TASC."]
[Black "Star Diamond, Novag"]
[Result "1-0"]
[WhiteElo "2347"]
[BlackElo "2161"]
[Annotator "Thomas Jaeger"]
[PlyCount "60"]
[EventDate "2009.??.??"]

1. e4 c5 2. Nf3 d6 3. Bb5+ Bd7 4. Bxd7+ Qxd7 5. c4 Nc6 6. d4 cxd4 7. Nxd4 Nf6
8. Nc3 g6 9. f3 Bg7 10. Be3 O-O 11. O-O Rac8 12. b3 Rfd8 {letzter Buchzug} 13.
Qd2 {letzter Buchzug} e6 14. Rad1 Nxd4 15. Bxd4 b6 16. Rfe1 Qe7 17. Be3 Qd7 18.
Kh1 Rc6 19. Bh6 Rc5 20. Bxg7 Kxg7 21. Nb5 Rc6 22. f4 a6 23. Nd4 Rc5 24. e5 Ne8
25. f5 {!} gxf5 26. Qg5+ Kh8 27. Nf3 Rc6 28. Qh6 Kg8 29. Ng5 {nach 18 min +6,02
} Rdc8 30. Qxh7+ Kf8 {SD -6,00} 1-0

[Event "TP 40 Züge 2 Stunden"]
[Site "?"]
[Date "2009.??.??"]
[Round "?"]
[White "Milano Pro, Mephisto"]
[Black "R30 V2.2 aktiv, TASC."]
[Result "1/2-1/2"]
[WhiteElo "2153"]
[BlackElo "2347"]
[Annotator "Thomas Jaeger"]
[PlyCount "92"]
[EventDate "2009.??.??"]

1. e4 e6 2. d4 d5 3. Nd2 Nf6 4. e5 Ne4 {letzter Buchzug!} 5. Bd3 Nxd2 6. Bxd2
c5 7. c3 {letzter Buchzug} Qb6 8. Qb3 Qxb3 9. axb3 cxd4 {-0,58 Beiden gefällt
die weiße Position etwas besser} 10. cxd4 Nc6 11. Nf3 Bb4 12. Bxb4 Nxb4 13. Bb1
Bd7 {[%emt 0:00:00]} 14. Kd2 O-O 15. Rc1 Rfc8 16. Rxc8+ Bxc8 17. Ne1 Nc6 18.
Ke3 Bd7 19. Nd3 b6 20. h3 Rc8 21. b4 Rc7 22. Ra3 Ne7 23. g4 Bb5 24. Rc3 Rxc3
25. bxc3 a5 26. bxa5 bxa5 27. Nc5 a4 28. Bd3 Bc6 29. Kd2 Ng6 30. Kc1 {Lxg6 ist
wohl besser} Nf4 31. Bf1 {Mp +0,8} f6 32. exf6 gxf6 33. Kb2 e5 (33... Kf7 34.
Ka3 Kg6 35. Nxa4 Kg5 36. Nb6 Kh4 37. Kb4 Nxh3 38. Kc5 Bb7 39. Kd6 Kxg4 40.
Bxh3+ Kxh3 41. Kxe6 h5 42. Nxd5 h4 {oder ähnlich Kf7 war sicher besser}) 34.
dxe5 {Sd3 ist gut} fxe5 35. Ka3 d4 36. cxd4 exd4 37. Kb4 Kf7 38. Nxa4 Kf6 39.
Nc5 h6 40. Nb3 Be4 {Rest in 60 min} 41. f3 Bxf3 42. Nxd4 Bg2 {zuerst wolte R30
Lxg4 spielen, ist natürlich auch remis} 43. Bxg2 Nxg2 44. Kc3 {Mp 0,00} Kg5 45.
Kd2 h5 46. gxh5 Kxh5 1/2-1/2

[Event "TP 40 Züge 2 Stunden"]
[Site "?"]
[Date "2009.??.??"]
[Round "?"]
[White "R30 V2.2 aktiv, TASC."]
[Black "Milano Pro, Mephisto"]
[Result "1-0"]
[WhiteElo "2347"]
[BlackElo "2153"]
[Annotator "Thomas Jaeger"]
[PlyCount "95"]
[EventDate "2009.??.??"]

1. d4 c6 2. e4 d5 3. Nc3 g6 4. h3 Bg7 5. Nf3 Nh6 6. Bf4 f6 {letzter Buchzug} 7.
exd5 cxd5 8. Nb5 Na6 9. c4 {letzter Buchzug} O-O 10. cxd5 Qxd5 11. Nc3 Qf5 12.
Be3 e6 13. Rc1 Nb4 14. a3 Nd5 15. Bd3 Qh5 16. Qb3 b6 17. Be4 Nxe3 18. fxe3 Rb8
19. Bc6 (19. d5 {!?}) 19... Nf7 20. Nb5 a6 21. g4 {?! oder !? R30 spielt jetzt
sehr scharf} Qh6 22. Nc7 Nd8 23. d5 Nxc6 {MP sieht sich mit -0,4 vorne} 24.
dxc6 Kh8 25. Kf2 {Ke2 ist besser} e5 26. Qb4 b5 (26... f5 27. g5 Qh5 28. Nxe5
f4 29. exf4 Qh4+ 30. Kf3 Bxh3 {so hat Weiß z.B ein Problem Schwarz müsste
energisch vorgehen}) 27. Qd6 {Sd5! die Stellung ist sehr kompliziert} a5 {?
nur e4 ist gut mit völlig offenem Ausgang} (27... e4 28. Nd5 Ra8 29. Nd4 f5 {
gleich ?!!}) 28. Nd5 Ra8 29. Nb6 Ra6 30. Qc7 {? das gibt Schwarz wieder
Chancen - besser Sd7} (30. Nd7 Re8 31. Nxf6 Bxf6 32. Qxf6+) 30... Rxb6 31. Qxb6
e4 32. Nd2 f5 33. Ke2 Bxb2 34. Rb1 Bxa3 35. Qxa5 b4 36. Nc4 fxg4 37. Rhf1 Bf5 {
besser gh3} 38. Nxa3 bxa3 {?} 39. c7 g3 40. Rb8 (40. Rxf5 gxf5 41. Qc3+ Kg8 42.
c8=Q Qh5+ 43. Kd2 Qf7 44. Q8c4 {mit matt}) 40... g2 41. Qc3+ Kg8 42. Rxf5 gxf5
43. Qc4+ Kg7 44. Rxf8 g1=N+ 45. Kd1 Qd6+ 46. Qd4+ Qxd4+ 47. exd4 Kxf8 48. c8=Q+
1-0

[Event "TP 40 Züge 2 Stunden"]
[Site "?"]
[Date "2009.??.??"]
[Round "?"]
[White "Sapphire, Novag"]
[Black "R30 V2.2 aktiv, TASC."]
[Result "1/2-1/2"]
[WhiteElo "2097"]
[BlackElo "2347"]
[Annotator "Thomas Jaeger"]
[PlyCount "95"]
[EventDate "2009.??.??"]

1. e4 d6 2. d4 Nf6 3. Nc3 g6 4. f4 Bg7 5. Nf3 O-O 6. Bd3 Nc6 7. O-O e5 8. fxe5
dxe5 9. d5 Nd4 10. Nxe5 Nxd5 11. Nxd5 Bxe5 12. Bf4 Qd6 13. Bxe5 Qxe5 {letzter
Buchzug} 14. c3 {letzter Buchzug} Nc6 15. Bb5 f5 16. exf5 Bxf5 17. Re1 Be4 {
Weiß steht besser - das sehen auch Beide so} 18. Nxc7 Rad8 19. Qb3+ Kh8 20. Qc4
Qxc7 21. Rxe4 Qb6+ 22. Kh1 Qf2 23. h3 Qxb2 24. Rae1 Qf2 25. Bxc6 bxc6 26. Qxc6
Rd2 {=} 27. Re8 Rxe8 28. Rxe8+ Kg7 29. Qe4 Rxa2 30. h4 Qg3 31. Qe7+ Kh6 32.
Qf8+ Kh5 33. Qc5+ g5 34. Qxg5+ Qxg5 35. hxg5 a5 {Beide sehen ab hier Schwarz
klar vorne!} 36. c4 Kg4 37. Re1 Kxg5 38. Rc1 Kf6 39. c5 Ke7 40. c6 Kd8 {60 min
für den Rest} 41. c7+ Kc8 42. g4 a4 43. Kg1 a3 44. Rc3 Ra1+ 45. Kh2 a2 46. Ra3
Kxc7 47. Kg2 Kc6 48. g5 {die Partie lief noch weitere 25 Züge. Sapphire hielt
remis} 1/2-1/2

[Event "TP 40 Züge 2 Stunden"]
[Site "?"]
[Date "2009.??.??"]
[Round "?"]
[White "R30 V2.2 aktiv, TASC."]
[Black "Sapphire, Novag"]
[Result "1-0"]
[WhiteElo "2347"]
[BlackElo "2097"]
[Annotator "Thomas Jaeger"]
[PlyCount "107"]
[EventDate "2009.??.??"]

1. e4 e5 2. Nf3 Nc6 3. Bc4 Bc5 4. d3 Nf6 5. c3 d6 {letzter Buchzug} 6. Bb3 O-O
7. O-O {letzter Buchzug} d5 8. exd5 Nxd5 9. d4 exd4 10. cxd4 Bb4 11. a3 Ba5 12.
Qd3 Qd6 13. Nc3 Nxc3 14. bxc3 Bg4 15. Bg5 Qg6 16. Qxg6 hxg6 17. Rfc1 Bxf3 18.
gxf3 Kh7 19. Rab1 f6 20. Be3 Nd8 21. c4 Rb8 22. d5 b6 23. c5 Nf7 24. d6 cxd6
25. c6 Rbc8 26. f4 Rc7 27. Rc2 Nd8 28. Bd5 Re8 29. f5 gxf5 30. Bf4 Nf7 31. Bxf7
Rxf7 32. Bxd6 Rc8 33. Rb5 g6 34. a4 Kg8 35. Kf1 Rh7 36. Rb3 g5 37. f4 Kf7 38.
Re3 Kg6 39. Re6 g4 40. Kg1 a6 {Rest in 60 min} 41. Be5 Rf7 42. c7 Kg7 {besser
Kh7} 43. Rxf6 Rxf6 44. Rc6 Rxc7 {?!} 45. Rxc7+ Kg6 46. Bxf6 Kxf6 47. Rc6+ Ke7
48. Kg2 Bd2 49. Rxb6 Bxf4 50. Rxa6 Be5 51. Ra5 Kd6 52. Rxe5 Kxe5 53. a5 Kd6 54.
Kg3 1-0